<?xml version="1.0" encoding="UTF-8"?>
<record
    xmlns:xsi="http://www.w3.org/2001/XMLSchema-instance"
    xsi:schemaLocation="http://www.loc.gov/MARC21/slim http://www.loc.gov/standards/marcxml/schema/MARC21slim.xsd"
    xmlns="http://www.loc.gov/MARC21/slim">

  <leader>00949nam a22001457a 4500</leader>
  <datafield tag="999" ind1=" " ind2=" ">
    <subfield code="c">526773</subfield>
    <subfield code="d">526773</subfield>
  </datafield>
  <controlfield tag="008">240624b           ||||| |||| 00| 0 eng d</controlfield>
  <datafield tag="100" ind1=" " ind2=" ">
    <subfield code="a">M&#xFC;ller, Ralf et al   </subfield>
    <subfield code="9">55141</subfield>
  </datafield>
  <datafield tag="245" ind1=" " ind2=" ">
    <subfield code="a">Artificial intelligence and project management: Empirical overview, state of the art, and guidelines for future research</subfield>
  </datafield>
  <datafield tag="260" ind1=" " ind2=" ">
    <subfield code="a">Project Management Journal </subfield>
  </datafield>
  <datafield tag="300" ind1=" " ind2=" ">
    <subfield code="a">55(1), Feb, 2024: p. 9-15</subfield>
  </datafield>
  <datafield tag="520" ind1=" " ind2=" ">
    <subfield code="a">Desk rejections of artificial intelligence (AI)&#x2013;related submissions to the Project Management Journal&#xAE; (PMJ) are high. This article provides an overview and state-of-the-art snapshot on academic and practitioner work to derive at potential future research topics and guidelines on the execution and reporting of AI-related studies in project management.- Reproduced 

https://journals.sagepub.com/doi/full/10.1177/87569728231225198#tab-contributors
</subfield>
  </datafield>
  <datafield tag="773" ind1=" " ind2=" ">
    <subfield code="a">Project Management Journal </subfield>
  </datafield>
  <datafield tag="906" ind1=" " ind2=" ">
    <subfield code="a">PROJECT MANAGEMENT</subfield>
  </datafield>
  <datafield tag="942" ind1=" " ind2=" ">
    <subfield code="c">AR</subfield>
  </datafield>
  <datafield tag="952" ind1=" " ind2=" ">
    <subfield code="0">0</subfield>
    <subfield code="1">0</subfield>
    <subfield code="2">ddc</subfield>
    <subfield code="4">0</subfield>
    <subfield code="7">0</subfield>
    <subfield code="9">401860</subfield>
    <subfield code="a">IIPA</subfield>
    <subfield code="b">IIPA</subfield>
    <subfield code="d">2024-06-24</subfield>
    <subfield code="h">55(1), Feb, 2024: p. 9-15</subfield>
    <subfield code="p">AR132348</subfield>
    <subfield code="r">2024-06-24</subfield>
    <subfield code="y">AR</subfield>
  </datafield>
</record>
